Colección de litografías representando las principales escenas de la vida de Jesucristo, de su santísima madre,...

Detalles Bibliográficos
Formato: Libro
Publicado: Barcelona 1873
Edición:2a. ed.
Materias:
Colección:Banco de datos
Acervo:Biblioteca del Ex Convento de Nuestra Señora de Guadalupe. Zacatecas
Descripción Física:t. II
Tema general:Artes
Notas:Buena. XXXIII, 7, 66 (9472).
LEADER 00812nam a22002050004500
035 |a 48511 
036 |a 9695 
245 1 0 |a Colección de litografías representando las principales escenas de la vida de Jesucristo, de su santísima madre,...  |c com. Eduardo María Vilarrasa, Fr. José Ildefonso Gatell 
250 |a 2a. ed. 
260 |a Barcelona  |b imp. Heredero de Pablo Riera  |c 1873 
300 |a t. II 
500 |a Buena. XXXIII, 7, 66 (9472). 
650 1 0 |a Artes 
949 |a CRZ-CG 
959 |a Ex convento de Nuestra Señora de Guadalupe, Museo Regional de Zacatecas, Zacatecas  |b CCC4 
960 |a Convento de Nuestra Señora de Guadalupe, Zacatecas  |b DD87 
961 |a Franciscana  |b OF 
942 |c CRZ-CG 
943 |g Biblioteca del Ex Convento de Nuestra Señora de Guadalupe. Zacatecas 
999 |c 972638  |d 972638